000 01064nas a2200265 454500
001 45732
005 20260407193511.0
008 260407s2016####ag###########|||spa#d
003 AR-UNSa-BCEJYS
040 _aAR-UNSa-BCEJYS
_bspa
_cAR-UNSa-BCEJYS
080 _a658
_xAdministración de empresas. Organización comercial
245 1 0 _aInformes de Investigación (Instituto de Investigación y Asistencia Tecnológica en Administración)
022 _a2525-1023
264 1 _aRosario :
_bUniversidad Nacional de Rosario
_c2016
310 _aFrecuencia: Anual
041 _aspa
942 _cSER
590 _aniveau_biblio:s niveau_hierar:1
100 1 _aUniversidad Nacional de Rosario. Facultad de Ciencias Económicas y Estadística. Escuela de Administración. Instituto de Investigación y Asistencia Tecnológica en Administración
700 1 _aAmigo, Adriana C.
650 _aCONTABILIDAD
650 _aAdministración
650 _aECONOMIA
856 4 1 _uhttps://www.biblioeco.unsa.edu.ar/pmb/images/revistas/R21801.jpg
_yImagen de portada
_qimage/jpeg
999 _c8935
_d8935